Loading...

Hitler The pathology of evil /

Bibliographic Details
Main Author: Victor, George
Language:Undetermined
Published: New Delhi : Pentagon Press , 2009.
Subjects:
LEADER 00543nam a2200169Ia 4500
001 164060
008 170722s9999 xx 000 0 und d
020 |a 9788182744127 
100 |a Victor, George 
245 |a Hitler  |b The pathology of evil / 
260 |a New Delhi :  |b Pentagon Press ,  |c 2009. 
300 |a 260 p. 
653 |a History 
923 |d 20100218  |n 6656 
942 |c GEN 
999 |c 143227  |d 143227 
952 |0 0  |1 0  |4 0  |6 V_551WM89_P9GB  |7 0  |9 202721  |a LIB  |b LIB  |d 2013-03-25  |e Ajith Book Stall  |o V55,1wM89 P9(GB)  |p 279128  |r 2017-08-12  |v 995.00  |w 2017-08-12  |y GEN